| 000 | 00980pam a2200265 a 4500 | ||
|---|---|---|---|
| 999 |
_c329795 _d329795 |
||
| 001 | 1180862 | ||
| 003 | NUST | ||
| 005 | 20170523105816.0 | ||
| 008 | 970613s1998 nyua 001 0 eng | ||
| 010 | _a 97022455 | ||
| 020 | _a0716727218 | ||
| 040 |
_aDLC _cDLC _dDLC |
||
| 050 | 0 | 0 |
_aQD251.2 _b.V65 1998 |
| 082 | 0 | 0 |
_a547 VOL _221 |
| 100 | 1 |
_aVollhardt, K. Peter C. _91295 |
|
| 245 | 1 | 0 |
_aOrganic chemistry : _bstructure and function. |
| 250 |
_a3rd ed. / _bK. Peter C. Vollhardt, Neil E. Schore. |
||
| 260 |
_aNew York : _bW.H. Freeman, _cc1999. |
||
| 300 |
_axxxiii, 1210 p. : _bill. (some col.) ; _c26 cm. + _e1 computer laser optical disc (4 3/4 in.) |
||
| 500 | _aIncludes index. | ||
| 501 | _aH.B | ||
| 650 | 0 |
_aChemistry, Organic. _91252 |
|
| 700 | 1 |
_aSchore, Neil Eric, _d1948- _91296 |
|
| 906 |
_a7 _bcbc _corignew _d1 _eocip _f19 _gy-gencatlg |
||
| 942 |
_2ddc _cBK _k547 VOL |
||